<?xml version="1.0" encoding="UTF-8"?>
<record
    xmlns:xsi="http://www.w3.org/2001/XMLSchema-instance"
    xsi:schemaLocation="http://www.loc.gov/MARC21/slim http://www.loc.gov/standards/marcxml/schema/MARC21slim.xsd"
    xmlns="http://www.loc.gov/MARC21/slim">

  <leader>01555nam a2200229 a 4500</leader>
  <controlfield tag="001">BRCA_8915</controlfield>
  <controlfield tag="005">20190320210446.0</controlfield>
  <controlfield tag="008">220617s1764----sp-#######---#000-0#spa-#</controlfield>
  <datafield tag="041" ind1=" " ind2=" ">
    <subfield code="a">spa</subfield>
  </datafield>
  <datafield tag="044" ind1=" " ind2=" ">
    <subfield code="a">sp</subfield>
  </datafield>
  <datafield tag="084" ind1=" " ind2=" ">
    <subfield code="a">CO85</subfield>
    <subfield code="b">.E45 1764</subfield>
  </datafield>
  <datafield tag="100" ind1="1" ind2=" ">
    <subfield code="a">Elizondo, Francisco Antonio</subfield>
    <subfield code="9">22171</subfield>
  </datafield>
  <datafield tag="245" ind1="1" ind2="0">
    <subfield code="a">Practica universal forense de los tribunales de esta corte, reales chanciller&#xED;as de Valladolid, y Granada, y audiencia de Sevilla, su origen, jurisprudencia, y negocios de que conoce cada uno, con inhibici&#xF3;n de los dem&#xE1;s, con la f&#xF3;rmula de quantos Libelos abrazan todos los juicios, assi seculares, como eclesi&#xE1;sticos, seguidos en los tribunales inferiores, y superiores, con la diversidad de estilos, que padecen en el libelar, y exposici&#xF3;n compendiosa de la materia, que abraza cada recurso</subfield>
    <subfield code="b">obra utilissima para los se&#xF1;ores ministros de todos los tribunales de esta corte, y fuera ella, jueces, assi seculares, como eclesi&#xE1;sticos, abogados, escribanos, procuradores, agentes, litigantes, y todas personas literatas</subfield>
    <subfield code="c">su autor el Licenciado Don Francisco Antonio Elizondo; Dedicala al ilutrissimo se&#xF1;or Don Pedro Colon&#x2026;</subfield>
  </datafield>
  <datafield tag="260" ind1=" " ind2=" ">
    <subfield code="a">Madrid</subfield>
    <subfield code="b">Por Joachin Ibarra, calle de las Urosas</subfield>
    <subfield code="c">1764</subfield>
  </datafield>
  <datafield tag="300" ind1=" " ind2=" ">
    <subfield code="a">[10], 392 p.</subfield>
    <subfield code="c">20 x 16 cm</subfield>
  </datafield>
  <datafield tag="500" ind1=" " ind2=" ">
    <subfield code="a">Con privilegio</subfield>
  </datafield>
  <datafield tag="500" ind1=" " ind2=" ">
    <subfield code="a">Estafo f&#xED;sico: presenta encuadernaci&#xF3;n en pergamino con cintas rotas, lomo desprendido y presencia de pez de plata</subfield>
  </datafield>
  <datafield tag="650" ind1="1" ind2="4">
    <subfield code="a">Derecho procesal</subfield>
    <subfield code="y">Obras anteriores a 1800</subfield>
    <subfield code="z">Espa&#xF1;a</subfield>
    <subfield code="9">22172</subfield>
  </datafield>
  <datafield tag="700" ind1="1" ind2=" ">
    <subfield code="a">Colon, Pedro</subfield>
    <subfield code="9">22173</subfield>
  </datafield>
  <datafield tag="902" ind1=" " ind2=" ">
    <subfield code="a">CFM</subfield>
  </datafield>
  <datafield tag="942" ind1=" " ind2=" ">
    <subfield code="2">lcc</subfield>
    <subfield code="c">B</subfield>
  </datafield>
  <datafield tag="999" ind1=" " ind2=" ">
    <subfield code="c">8566</subfield>
    <subfield code="d">8566</subfield>
  </datafield>
  <datafield tag="952" ind1=" " ind2=" ">
    <subfield code="0">0</subfield>
    <subfield code="1">0</subfield>
    <subfield code="4">0</subfield>
    <subfield code="7">0</subfield>
    <subfield code="a">BRCA</subfield>
    <subfield code="b">BRCA</subfield>
    <subfield code="d">2017-06-22</subfield>
    <subfield code="l">0</subfield>
    <subfield code="o">CO85 .E45 1764</subfield>
    <subfield code="p">CFM00237</subfield>
    <subfield code="r">2019-03-22 00:00:00</subfield>
    <subfield code="w">2019-03-22</subfield>
    <subfield code="y">B</subfield>
  </datafield>
</record>
